[Event "Goldener Springer 2017"]
[Site "Frankfurt/Main"]
[Date "2017.??.??"]
[Round "4.12"]
[White "Scholz, Michael"]
[Black "Rutsatz, Mario"]
[Result "0-1"]
[WhiteElo "1864"]
[BlackElo "1954"]
[PlyCount "153"]
[EventDate "2017.??.??"]
[WhiteTeam "SK Mömbris"]
[BlackTeam "SF Frankfurt"]

1. e4 e6 2. d4 d5 3. Nd2 Nf6 4. e5 Nfd7 5. f4 c5 6. c3 Nc6 7. Ndf3 cxd4 8. Nxd4
Nxd4 9. cxd4 f5 10. Be2 Qb6 11. Nf3 Be7 12. O-O O-O 13. b3 a5 14. a4 Nb8 15.
Kh1 Nc6 16. Be3 Bd7 17. Bb5 Rfd8 18. h3 Nb4 19. Bxd7 Rxd7 20. Rc1 Rc7 21. Rxc7
Qxc7 22. Qc1 Qd7 23. Qd2 b5 24. axb5 Qxb5 25. Rd1 Rb8 26. g4 fxg4 27. hxg4 Nc6
28. Rc1 Ba3 29. Rxc6 Qxc6 30. Qxa5 Bb4 31. Qa2 Ra8 32. Qg2 Qc3 33. Bg1 Be7 34.
f5 Qxb3 35. g5 Ra3 36. Ne1 Qh3+ 37. Qxh3 Rxh3+ 38. Kg2 Ra3 39. f6 gxf6 40. gxf6
Bf8 41. Nf3 h6 42. Kg3 Kf7 43. Bf2 Kg6 44. Kg2 h5 45. Be1 Rb3 46. Bd2 Rd3 47.
Nh4+ Kf7 48. Nf3 Ke8 49. Be1 Re3 50. Bf2 Re4 51. Be1 Bh6 52. Bb4 h4 53. Be1 Be3
54. Bxh4 Bxd4 55. Bg3 Be3 56. Ne1 Bd4 57. Nf3 Be3 58. Ne1 Bf4 59. Nf3 Bxg3 60.
Kxg3 d4 61. Nd2 Rxe5 62. Kf4 Rf5+ 63. Ke4 Rxf6 64. Kxd4 Ke7 65. Ne4 Rf5 66. Ng3
Rd5+ 67. Ke4 Kd6 68. Ke3 Ra5 69. Kf4 Kd5 70. Nh5 e5+ 71. Kf5 Ra1 72. Nf6+ Kd4
73. Nd7 Rf1+ 74. Ke6 e4 75. Ne5 e3 76. Nc6+ Kd3 77. Nb4+ 0-1

[Event "Goldener Springer 2017"]
[Site "Frankfurt/Main"]
[Date "2017.??.??"]
[Round "5.1"]
[White "Stockmann, Michael"]
[Black "Poetsch, Hagen"]
[Result "0-1"]
[WhiteElo "2220"]
[BlackElo "2498"]
[PlyCount "122"]
[EventDate "2017.??.??"]
[WhiteTeam "SF Schöneck"]
[BlackTeam "SF Schöneck"]

1. Nf3 Nf6 2. e3 d6 3. d4 g6 4. b3 Bg7 5. Bb2 O-O 6. Be2 Nc6 7. d5 Nb4 8. e4 c6
9. dxc6 Nxc6 10. Nbd2 Re8 11. Nd4 Nxd4 12. Bxd4 e5 13. Bb2 d5 14. exd5 Nxd5 15.
Bb5 Bd7 16. Bxd7 Qxd7 17. Ne4 Qc6 18. Qd2 Nf4 19. f3 Rad8 20. Qc3 Qa6 21. Qc4
Qxc4 22. bxc4 f5 23. g3 Ng2+ 24. Ke2 fxe4 25. fxe4 Rc8 26. Rhg1 Rxc4 27. Rxg2
Rxc2+ 28. Kf1 Rec8 29. Ba3 Rxg2 30. Kxg2 Rc3 31. Bd6 Kf7 32. a4 Re3 33. Rb1 b6
34. a5 Rxe4 35. axb6 axb6 36. Rxb6 Re2+ 37. Kg1 Bf6 38. Bc5 h5 39. h3 Rc2 40.
Be3 g5 41. Ra6 Rc4 42. Kf2 Kg6 43. Ra2 Kf5 44. Kf3 g4+ 45. hxg4+ hxg4+ 46. Ke2
Ke4 47. Rb2 Ra4 48. Bc5 Kd5 49. Be3 Be7 50. Rc2 Ke4 51. Rb2 Bb4 52. Rc2 Kd5 53.
Bf2 Ra3 54. Rc8 Ra2+ 55. Kf1 Ke4 56. Rc7 Bd2 57. Rf7 Be3 58. Be1 Kd3 59. Rh7
Bd4 60. Rb7 Ra1 61. Rb1 Rxb1 0-1

[Event "Goldener Springer 2017"]
[Site "Frankfurt/Main"]
[Date "2017.??.??"]
[Round "5.2"]
[White "Telljohann, Sven"]
[Black "Kuban, Guenter"]
[Result "1-0"]
[WhiteElo "2412"]
[BlackElo "2127"]
[PlyCount "79"]
[EventDate "2017.??.??"]
[WhiteTeam "Frankfurter TV"]
[BlackTeam "SV Oberursel"]

1. Nf3 d5 2. g3 c6 3. Bg2 Nd7 4. d4 e6 5. O-O Be7 6. b3 f5 7. c4 Nh6 8. Bxh6
gxh6 9. Qd2 O-O 10. Qxh6 Rf6 11. Qd2 Rg6 12. Nc3 Kh8 13. e3 Bb4 14. a3 Bxc3 15.
Qxc3 Qf6 16. Rac1 Qg7 17. b4 h5 18. b5 Rh6 19. cxd5 exd5 20. bxc6 bxc6 21. Qa5
Nb6 22. Ne5 Bb7 23. h4 Rg8 24. Qxa7 Nc8 25. Qa4 Ne7 26. Rb1 Ra8 27. Qc2 Ba6 28.
Rfc1 Bb5 29. Ra1 Ba4 30. Qb1 Bb5 31. a4 Rxa4 32. Rxa4 Bxa4 33. Qb7 Kh7 34. Ra1
Bc2 35. Ra7 Re6 36. Nf3 Kg6 37. Ng5 Kf6 38. Nxe6 Kxe6 39. Qd7+ Kf6 40. Qd6+ 1-0

[Event "Goldener Springer 2017"]
[Site "Frankfurt/Main"]
[Date "2017.??.??"]
[Round "5.3"]
[White "Gohil, Harry"]
[Black "Everett, Elijah"]
[Result "1-0"]
[WhiteElo "2284"]
[BlackElo "2101"]
[PlyCount "81"]
[EventDate "2017.??.??"]
[WhiteTeam "TSV Schott Mainz"]
[BlackTeam "SF Schöneck"]

1. d4 Nf6 2. Bg5 Ne4 3. Bf4 c5 4. d5 Qb6 5. Bc1 e6 6. f3 Nf6 7. e4 exd5 8. exd5
Bd6 9. Na3 O-O 10. Nc4 Re8+ 11. Kf2 Qc7 12. Ne2 b5 13. Nxd6 Qxd6 14. a4 Qxd5
15. Qxd5 Nxd5 16. axb5 Nb4 17. Bf4 Nxc2 18. Rc1 Nb4 19. Nc3 a6 20. Ne4 axb5 21.
Nd6 Rd8 22. Rxc5 Ba6 23. Be2 N8c6 24. Rd1 Ne7 25. Rd2 h6 26. h4 Rf8 27. h5 Rfd8
28. Bd1 Nbc6 29. Bb3 Rf8 30. Nxb5 Na5 31. Bd1 Nc4 32. Rxd7 Nxb2 33. Be2 Na4 34.
Rc2 Rac8 35. Bc7 Nf5 36. Nd6 Rxc7 37. Rcxc7 Bxe2 38. Nxf5 Bb5 39. Rd5 Rb8 40.
Nd6 Rd8 41. Rxb5 1-0

[Event "Goldener Springer 2017"]
[Site "Frankfurt/Main"]
[Date "2017.??.??"]
[Round "5.4"]
[White "Gutacker, Stephan"]
[Black "Rack, Matthias"]
[Result "1-0"]
[WhiteElo "1886"]
[BlackElo "2000"]
[Annotator "Lotz,Kolja Alecsander"]
[PlyCount "71"]
[EventDate "2017.??.??"]
[WhiteTeam "Sfr. Kelkheim"]
[BlackTeam "SF Neuberg"]

1. e4 g6 2. Bc4 d6 3. Nc3 c5 4. d3 Bg7 5. Nge2 Nc6 6. a3 a6 7. O-O b5 8. Ba2
Nf6 9. f4 Bg4 10. h3 Bd7 11. Be3 Qc8 12. Qe1 b4 13. axb4 Nxb4 14. Bb3 Be6 15.
Bxe6 fxe6 16. Qc1 O-O 17. Ng3 d5 18. Na4 Nd7 19. e5 Qc7 20. Qd1 d4 21. Bd2 Nd5
22. c4 dxc3 23. bxc3 Qc6 24. c4 Nb4 25. Be3 Nxe5 26. fxe5 Bxe5 27. Rxf8+ Rxf8
28. Ne4 Bxa1 29. Qxa1 Nc2 30. Qe5 Nxe3 31. Naxc5 Rf1+ 32. Kh2 Rf5 33. Qd4 Qc7+
34. g3 Nc2 35. Qg1 Qe5 36. Qb1 {Zeitüberschreitung} 1-0

[Event "Goldener Springer 2017"]
[Site "Frankfurt/Main"]
[Date "2017.??.??"]
[Round "5.5"]
[White "Wolff, Peter"]
[Black "Shashkin, Igor"]
[Result "0-1"]
[WhiteElo "1921"]
[BlackElo "2088"]
[PlyCount "124"]
[EventDate "2017.??.??"]
[WhiteTeam "VSG Offenbach"]
[BlackTeam "PTSV SK Hof"]

1. c4 Nf6 2. g3 c5 3. Bg2 d5 4. cxd5 Nxd5 5. Nc3 Nc7 6. Nf3 Nc6 7. O-O e5 8. a3
f6 9. b4 cxb4 10. axb4 Bxb4 11. Qa4 O-O 12. Ne1 a5 13. Bxc6 bxc6 14. Qxc6 Bh3
15. Ng2 Rc8 16. Qf3 Qd7 17. Ba3 Qxd2 18. Ne4 Qd7 19. Bxb4 axb4 20. Qb3+ Qd5 21.
Rfb1 Kh8 22. Qxd5 Nxd5 23. Ne3 Nxe3 24. fxe3 Rc4 25. Nd6 Rc6 26. Ne4 Rc2 27.
Nf2 Be6 28. Rxb4 Rxe2 29. e4 Ra2 30. Rd1 Ra7 31. Rd6 Bf7 32. Rd2 Bg6 33. Rdb2
h5 34. h4 Re7 35. Nh3 Kh7 36. Re2 Rd8 37. Kf2 Rc7 38. Rb3 Rd4 39. Rbe3 Be8 40.
Kf3 Rcc4 41. Nf2 Bd7 42. Kg2 Rb4 43. Kh2 Bb5 44. Re1 Rd2 45. Kg1 Rbb2 46. Rf3
Kg8 47. Kg2 Kf7 48. Kg1 Ke6 49. Kg2 Be2 50. Re3 Bb5 51. Rf3 g6 52. Kg1 Rbc2 53.
Rb1 Bc6 54. Rb6 f5 55. Ra6 Kd7 56. Ra7+ Kd6 57. Ra6 Kc7 58. Ra7+ Kb6 59. Rg7
Rc1+ 60. Kh2 Bxe4 61. Rb3+ Kc6 62. Rxg6+ Kc5 0-1

[Event "Goldener Springer 2017"]
[Site "Frankfurt/Main"]
[Date "2017.??.??"]
[Round "5.7"]
[White "Rutsatz, Mario"]
[Black "Olesiak, Marcin"]
[Result "0-1"]
[WhiteElo "1954"]
[BlackElo "2008"]
[PlyCount "78"]
[EventDate "2017.??.??"]
[WhiteTeam "SF Frankfurt"]
[BlackTeam "SV Oberursel"]

1. c4 e5 2. Nc3 Nc6 3. g3 f5 4. Bg2 Nf6 5. d3 Be7 6. Nf3 O-O 7. O-O Qe8 8. Bg5
Qg6 9. Bxf6 Bxf6 10. Nd5 Bd8 11. b4 d6 12. Nd2 Nd4 13. e3 Ne6 14. f4 c6 15. Nc3
Bb6 16. Qf3 a6 17. fxe5 f4 18. c5 Qxd3 19. exf4 Qxf3 20. Bxf3 dxc5 21. Na4 Ba7
22. bxc5 Nxc5 23. Nxc5 Bxc5+ 24. Kg2 Rd8 25. Ne4 Ba3 26. Rfd1 Be6 27. Nd6 Bxd6
28. exd6 Rd7 29. Rd2 Rad8 30. Rad1 Kf8 31. a4 Bb3 32. Bg4 Bxd1 33. Bxd7 Bxa4
34. Be6 c5 35. g4 Bc6+ 36. Kg3 b5 37. f5 c4 38. Kf4 c3 39. Rd4 c2 0-1

[Event "Goldener Springer 2017"]
[Site "Frankfurt/Main"]
[Date "2017.??.??"]
[Round "5.8"]
[White "Voellinger, Florian"]
[Black "Van der Valk, Niklas"]
[Result "0-1"]
[WhiteElo "1803"]
[BlackElo "2131"]
[PlyCount "74"]
[EventDate "2017.??.??"]
[WhiteTeam "SF Dettingen"]
[BlackTeam "Godesberger SK"]

1. d4 Nf6 2. c4 e6 3. Nf3 c5 4. d5 b5 5. b3 exd5 6. cxd5 Bb7 7. Nbd2 Bxd5 8.
Bb2 Bc6 9. e3 d6 10. Qc2 Be7 11. Bd3 Na6 12. a3 Rc8 13. e4 Nc7 14. e5 dxe5 15.
Nxe5 Bd5 16. Rd1 Bd6 17. O-O O-O 18. f4 Ne6 19. Bxb5 Nd4 20. Qd3 Nxb5 21. Qxb5
Rb8 22. Qd3 Be7 23. Ndc4 Qc8 24. Qg3 Rd8 25. Rfe1 Qb7 26. Na5 Qc7 27. Nec6 Bxc6
28. Rxd8+ Bxd8 29. Be5 Qxa5 30. Bxb8 Ne4 31. Qe3 Bh4 32. g3 Bf6 33. b4 cxb4 34.
axb4 Qd5 35. Bxa7 Nd6 36. Re2 Qh1+ 37. Kf2 Ne4+ 0-1

[Event "Goldener Springer 2017"]
[Site "Frankfurt/Main"]
[Date "2017.??.??"]
[Round "5.9"]
[White "Czybik, Nils Patrick"]
[Black "Schellen, Sven"]
[Result "1-0"]
[WhiteElo "2150"]
[BlackElo "1856"]
[PlyCount "61"]
[EventDate "2017.??.??"]
[WhiteTeam "SF Erkelenz 1959"]
[BlackTeam "SF Frankfurt"]

1. Nf3 Nf6 2. c4 c5 3. g3 d5 4. cxd5 Nxd5 5. Bg2 Nc6 6. Nc3 Nc7 7. O-O e5 8. d3
Be6 9. Ng5 Bd7 10. Qb3 Ne6 11. Nxe6 fxe6 12. Qxb7 Rb8 13. Qa6 Rb6 14. Qa4 Be7
15. Qg4 O-O 16. b3 Rb4 17. Be4 Nd4 18. Rb1 Kh8 19. Qh5 Nf5 20. e3 Be8 21. Qe2
Nd6 22. Ba3 Nxe4 23. Bxb4 Nxc3 24. Bxc3 Bb5 25. Rbd1 e4 26. Qg4 Bf6 27. Bxf6
Qxf6 28. Qxe4 e5 29. f4 Qa6 30. a4 Bc6 31. Qxe5 1-0

[Event "Goldener Springer 2017"]
[Site "Frankfurt/Main"]
[Date "2017.??.??"]
[Round "5.10"]
[White "Kirschner, Philipp"]
[Black "Winand, Edgar"]
[Result "0-1"]
[WhiteElo "1816"]
[BlackElo "1914"]
[PlyCount "76"]
[EventDate "2017.??.??"]
[WhiteTeam "Sfr. Kelkheim"]
[BlackTeam "SC Flörsheim"]

1. d4 g6 2. c4 Bg7 3. Nc3 d6 4. Nf3 Nc6 5. e3 e5 6. Be2 Nh6 7. dxe5 Nxe5 8.
Nxe5 Bxe5 9. e4 Bxc3+ 10. bxc3 Qh4 11. Qd3 Ng4 12. Qg3 Qxg3 13. hxg3 Be6 14.
Bxg4 Bxg4 15. Be3 b6 16. Bd4 Rg8 17. Rxh7 Be6 18. f3 O-O-O 19. Kf2 Bxc4 20. a3
Rde8 21. Rah1 Kd7 22. Rh8 Kc6 23. Rxg8 Rxg8 24. g4 a5 25. Rb1 Re8 26. Bf6 a4
27. Re1 Re6 28. g5 Bb3 29. f4 Bc2 30. Kf3 Kc5 31. g4 d5 32. Bd4+ Kc4 33. f5
Bxe4+ 34. Kf2 gxf5 35. gxf5 Bxf5 36. Rxe6 Bxe6 37. Ke2 Kb3 38. Be5 Kxa3 0-1

[Event "Goldener Springer 2017"]
[Site "Frankfurt/Main"]
[Date "2017.??.??"]
[Round "5.11"]
[White "Bitzer, Andre"]
[Black "Calvi, Stefan"]
[Result "0-1"]
[WhiteElo "1794"]
[BlackElo "2084"]
[PlyCount "40"]
[EventDate "2017.??.??"]
[WhiteTeam "SV Griesheim"]
[BlackTeam "SF Frankfurt"]

1. b3 Nf6 2. Bb2 g6 3. e3 Bg7 4. Nf3 d6 5. d4 O-O 6. Be2 Nfd7 7. O-O e5 8. dxe5
dxe5 9. e4 c6 10. Na3 Qc7 11. Nc4 b6 12. Nd6 Ba6 13. c4 f6 14. b4 Rd8 15. Qd2
Nf8 16. c5 Ne6 17. Bxa6 Nxa6 18. Ba3 bxc5 19. bxc5 Naxc5 20. Rfd1 Bf8 0-1

[Event "Goldener Springer 2017"]
[Site "Frankfurt/Main"]
[Date "2017.??.??"]
[Round "6.2"]
[White "Gohil, Harry"]
[Black "Telljohann, Sven"]
[Result "1/2-1/2"]
[WhiteElo "2284"]
[BlackElo "2412"]
[PlyCount "110"]
[EventDate "2017.??.??"]
[WhiteTeam "TSV Schott Mainz"]
[BlackTeam "Frankfurter TV"]

1. Nf3 g6 2. g3 Bg7 3. Bg2 c5 4. O-O Nc6 5. d3 d6 6. Nbd2 Rb8 7. a4 a6 8. Ng5
h6 9. Nh3 e5 10. f4 Nge7 11. e4 O-O 12. Nc4 b5 13. axb5 axb5 14. Ne3 exf4 15.
Nxf4 Nd4 16. c3 Ne6 17. Nfd5 Nxd5 18. Nxd5 Bb7 19. Be3 Ra8 20. Qd2 Kh7 21. Rxa8
Bxa8 22. Ra1 Bxd5 23. exd5 Nc7 24. d4 c4 25. b3 cxb3 26. Rb1 Re8 27. Rxb3 Qe7
28. Kf2 Qf6+ 29. Kg1 Qf5 30. Bf4 Bf8 31. Qd1 Kg8 32. Qb1 Qh5 33. Qf1 Qf5 34.
Rb2 g5 35. Bd2 Qg6 36. Bh3 Qe4 37. Qf5 Qxf5 38. Bxf5 Bg7 39. Kf1 Nxd5 40. Bd7
Rb8 41. Rxb5 Rxb5 42. Bxb5 Kf8 43. Ke2 Ke7 44. Kd3 Nf6 45. c4 Ng4 46. c5 dxc5
47. dxc5 Be5 48. h4 Bxg3 49. hxg5 hxg5 50. Bxg5+ f6 51. Bd2 Bc7 52. Ke4 Ne5 53.
Kd5 Nd7 54. Bb4 Nxc5 55. Bxc5+ Kf7 1/2-1/2

[Event "Goldener Springer 2017"]
[Site "Frankfurt/Main"]
[Date "2017.??.??"]
[Round "6.3"]
[White "Shashkin, Igor"]
[Black "Gutacker, Stephan"]
[Result "1/2-1/2"]
[WhiteElo "2088"]
[BlackElo "1886"]
[PlyCount "27"]
[EventDate "2017.??.??"]
[WhiteTeam "PTSV SK Hof"]
[BlackTeam "Sfr. Kelkheim"]

1. e4 e5 2. Nf3 Nc6 3. d4 exd4 4. Nxd4 Bc5 5. Be3 Qf6 6. c3 Nge7 7. Nc2 Bxe3 8.
Nxe3 d6 9. Nd2 Be6 10. Qf3 Qxf3 11. Nxf3 h6 12. Bc4 Bxc4 13. Nxc4 O-O-O 14.
O-O-O 1/2-1/2

[Event "Goldener Springer 2017"]
[Site "Frankfurt/Main"]
[Date "2017.??.??"]
[Round "6.4"]
[White "Everett, Elijah"]
[Black "Kuban, Guenter"]
[Result "1-0"]
[WhiteElo "2101"]
[BlackElo "2127"]
[PlyCount "131"]
[EventDate "2017.??.??"]
[WhiteTeam "SF Schöneck"]
[BlackTeam "SV Oberursel"]

1. e4 c5 2. Nf3 Nc6 3. d4 cxd4 4. Nxd4 Nf6 5. Nc3 e6 6. Ndb5 a6 7. Nd6+ Bxd6 8.
Qxd6 Qe7 9. Bf4 b5 10. f3 Nh5 11. Qxe7+ Kxe7 12. Be3 d6 13. O-O-O Rd8 14. Be2
Nf6 15. Rd2 Bb7 16. Rhd1 Ne8 17. b3 f6 18. Kb2 Rdc8 19. a4 b4 20. Na2 Kf7 21.
Kb1 Rab8 22. Nc1 Ne5 23. f4 Nd7 24. Bf3 a5 25. Nd3 Ba6 26. Nb2 Nc5 27. Bxc5
Rxc5 28. Be2 Bb7 29. Bf3 Ba6 30. Re1 Rb6 31. Be2 Nc7 32. Nc4 Bxc4 33. Bxc4 d5
34. exd5 exd5 35. Bd3 Re6 36. Be2 Re4 37. g3 g6 38. Red1 Ke6 39. Bg4+ f5 40.
Be2 Re3 41. Bd3 Kd6 42. g4 fxg4 43. Rg1 Rf3 44. Rxg4 Ne6 45. f5 gxf5 46. Rh4
Ng5 47. Rg2 Ne4 48. Rxh7 Ke5 49. h4 Rh3 50. Rg1 Rh2 51. h5 Nd2+ 52. Ka1 Rc3 53.
Re7+ Kd6 54. Re3 f4 55. Re2 Rxe2 56. Bxe2 Rxc2 57. Bd1 Rc8 58. Rh1 Ke5 59. h6
f3 60. Rh2 Rc1+ 61. Kb2 Rxd1 62. h7 Kd4 63. h8=Q+ Kd3 64. Qe5 d4 65. Qf5+ Ke3
66. Kc2 1-0

[Event "Goldener Springer 2017"]
[Site "Frankfurt/Main"]
[Date "2017.??.??"]
[Round "6.5"]
[White "Olesiak, Marcin"]
[Black "Van der Valk, Niklas"]
[Result "0-1"]
[WhiteElo "2008"]
[BlackElo "2131"]
[PlyCount "56"]
[EventDate "2017.??.??"]
[WhiteTeam "SV Oberursel"]
[BlackTeam "Godesberger SK"]

1. d4 Nf6 2. Nf3 e6 3. g3 c5 4. Bg2 d5 5. O-O Nc6 6. b3 cxd4 7. Nxd4 Bc5 8. Bb2
Qb6 9. Nxc6 bxc6 10. Bxf6 gxf6 11. Nc3 Be7 12. Na4 Qa5 13. e4 Ba6 14. Re1 Rd8
15. exd5 cxd5 16. Qg4 Kf8 17. Rad1 h5 18. Qh4 Rc8 19. c3 Bb5 20. Qd4 Bxa4 21.
bxa4 Rc4 22. Qd2 Qxc3 23. Qxc3 Rxc3 24. Rb1 Bc5 25. Rec1 d4 26. Rxc3 dxc3 27.
Rb8+ Ke7 28. Rxh8 c2 0-1

[Event "Goldener Springer 2017"]
[Site "Frankfurt/Main"]
[Date "2017.??.??"]
[Round "6.6"]
[White "Rack, Matthias"]
[Black "Czybik, Nils Patrick"]
[Result "0-1"]
[WhiteElo "2000"]
[BlackElo "2150"]
[PlyCount "62"]
[EventDate "2017.??.??"]
[WhiteTeam "SF Neuberg"]
[BlackTeam "SF Erkelenz 1959"]

1. d4 Nf6 2. Nf3 e6 3. e3 c5 4. c3 b6 5. Nbd2 Bb7 6. Bd3 g6 7. O-O Bg7 8. b3
O-O 9. Ba3 Qc7 10. Rc1 d6 11. Qe2 Nbd7 12. Rfe1 Rac8 13. c4 Rfe8 14. Qd1 e5 15.
dxe5 dxe5 16. e4 Nb8 17. Qc2 Nc6 18. Rcd1 Re7 19. Nf1 Rce8 20. Ne3 Nd4 21. Nxd4
exd4 22. Nd5 Nxd5 23. cxd5 Bxd5 24. f3 Bb7 25. Bb5 Rc8 26. Qd2 a6 27. Bf1 b5
28. Rc1 Qb6 29. Qg5 Rcc7 30. Kh1 h6 31. Qg3 Qa5 0-1

[Event "Goldener Springer 2017"]
[Site "Frankfurt/Main"]
[Date "2017.??.??"]
[Round "6.7"]
[White "Calvi, Stefan"]
[Black "Henrich, David"]
[Result "1-0"]
[WhiteElo "2084"]
[BlackElo "2170"]
[PlyCount "86"]
[EventDate "2017.??.??"]
[WhiteTeam "SF Frankfurt"]
[BlackTeam "SK Niederbrechen"]

1. e4 d6 2. d4 Nf6 3. Bd3 e5 4. Nf3 exd4 5. Nxd4 g6 6. h3 Bg7 7. Nc3 O-O 8. O-O
c5 9. Nf3 d5 10. e5 Ne8 11. Re1 a6 12. Bf1 Be6 13. Bg5 Qd7 14. Qd2 b5 15. Rad1
Nc7 16. Bh6 b4 17. Bxg7 Kxg7 18. Ne2 Qe7 19. Nf4 h5 20. Nxe6+ fxe6 21. Ng5 Nc6
22. f4 c4 23. h4 Qc5+ 24. Kh2 Rae8 25. c3 a5 26. Re2 a4 27. g3 bxc3 28. bxc3
Rb8 29. Bh3 Nd8 30. g4 hxg4 31. Bxg4 a3 32. Kg3 Rh8 33. Qe1 Qe7 34. Rdd2 Nb5
35. Qc1 Rb6 36. Rh2 Qc5 37. Rdf2 Qe7 38. h5 gxh5 39. Bxh5 d4 40. Bg4 Nxc3 41.
Qh1 Rxh2 42. Rxh2 Nf7 43. Rh7+ Kf8 1-0

[Event "Goldener Springer 2017"]
[Site "Frankfurt/Main"]
[Date "2017.??.??"]
[Round "6.8"]
[White "Rosenberger, Frank"]
[Black "Winand, Edgar"]
[Result "1-0"]
[WhiteElo "2112"]
[BlackElo "1914"]
[PlyCount "61"]
[EventDate "2017.??.??"]
[WhiteTeam "SK Gernsheim"]
[BlackTeam "SC Flörsheim"]

1. e4 d6 2. d4 g6 3. Nc3 Bg7 4. Be3 a6 5. Qd2 b5 6. a4 b4 7. Na2 Bb7 8. f3 a5
9. c3 bxc3 10. Nxc3 Nd7 11. Nh3 Rc8 12. Be2 c5 13. d5 Rb8 14. O-O Ngf6 15. Bb5
O-O 16. Nf2 Bc8 17. b3 Ne5 18. h3 c4 19. bxc4 Qc7 20. c5 dxc5 21. f4 Nh5 22. d6
exd6 23. fxe5 Bxe5 24. Nd3 Ng3 25. Nxe5 Nxf1 26. Rxf1 dxe5 27. Nd5 Qa7 28. Nf6+
Kh8 29. Qf2 Rd8 30. Qh4 h5 31. Qg5 1-0

[Event "Goldener Springer 2017"]
[Site "Frankfurt/Main"]
[Date "2017.??.??"]
[Round "6.9"]
[White "Ostermeier, Thorsten"]
[Black "Wolff, Peter"]
[Result "0-1"]
[WhiteElo "1975"]
[BlackElo "1921"]
[PlyCount "138"]
[EventDate "2017.??.??"]
[WhiteTeam "SF Frankfurt"]
[BlackTeam "VSG Offenbach"]

1. e4 c6 2. d4 d5 3. e5 Bf5 4. Bd3 Bxd3 5. Qxd3 e6 6. f4 Ne7 7. Nf3 Qa5+ 8. c3
Qa6 9. Qc2 h5 10. a4 Nf5 11. b4 b6 12. Ba3 Nd7 13. Kf2 Be7 14. Rd1 O-O 15. g3
Rfc8 16. h3 c5 17. b5 Qb7 18. g4 hxg4 19. hxg4 Nh6 20. Kg3 g6 21. Ng5 Kg7 22.
Nd2 cxd4 23. c4 Bxa3 24. Rxa3 dxc4 25. Nxc4 Qd5 26. Rc1 Rc7 27. Ne4 Rxc4 28.
Qxc4 Qxe4 29. Rd1 Nxe5 30. Qxd4 Qxd4 31. Rxd4 Nexg4 32. Rd7 Nf6 33. Rb7 Nd5 34.
a5 bxa5 35. Rxa5 Nf5+ 36. Kg4 Nd6 37. Raxa7 Rxa7 38. Rxa7 Nxb5 39. Rb7 Nd6 40.
Ra7 Nf6+ 41. Kg5 Nd5 42. Kg4 Nc4 43. Rb7 Nd6 44. Ra7 Ne8 45. Ra5 Nef6+ 46. Kg5
Nh5 47. f5 Nhf4 48. fxe6 Nxe6+ 49. Kg4 f5+ 50. Kf3 Nd4+ 51. Kf2 Nf6 52. Ke3 Nc6
53. Rc5 Ne7 54. Kf4 Kh6 55. Ra5 g5+ 56. Kf3 Ned5 57. Ra6 g4+ 58. Kg2 Kg5 59.
Ra3 f4 60. Rb3 Ne3+ 61. Kf2 Nfd5 62. Rb8 Kf5 63. Re8 Nf6 64. Re7 g3+ 65. Kf3
Nc4 66. Rb7 Ne5+ 67. Kg2 Nfg4 68. Rg7 Ne3+ 69. Kg1 Nf3+ 0-1

[Event "Goldener Springer 2017"]
[Site "Frankfurt/Main"]
[Date "2017.??.??"]
[Round "6.11"]
[White "Schellen, Sven"]
[Black "Rutsatz, Mario"]
[Result "0-1"]
[WhiteElo "1856"]
[BlackElo "1954"]
[PlyCount "113"]
[EventDate "2017.??.??"]
[WhiteTeam "SF Frankfurt"]
[BlackTeam "SF Frankfurt"]

1. Nf3 d5 2. d4 Nf6 3. g3 c6 4. c4 a6 5. Qc2 g6 6. Bg2 Bg7 7. O-O O-O 8. c5
Nbd7 9. Nc3 Re8 10. Bf4 Nh5 11. Ne5 Nxf4 12. gxf4 Nxe5 13. fxe5 Bf5 14. Qb3 Rb8
15. Qa3 f6 16. f4 Qd7 17. Na4 Bg4 18. Nb6 Qf5 19. Rae1 Qh5 20. e4 dxe4 21. Qb3+
Kh8 22. Bxe4 Rbd8 23. Qe3 g5 24. fxg5 fxe5 25. d5 h6 26. dxc6 bxc6 27. Bxc6 e4
28. Bxe8 Qxe8 29. Qxe4 Qh5 30. Nd5 Qxg5 31. Qg2 Rxd5 32. h3 Bxh3 33. Qxg5 Rxg5+
34. Kh2 Bxf1 35. Rxf1 Rxc5 36. Rf2 Kh7 37. Re2 Re5 38. Rc2 Rf5 39. b3 Kg6 40.
Rc6+ Rf6 41. Rc2 e5 42. Kg3 h5 43. Rb2 Rf4 44. Rc2 Bh6 45. Rc6+ Rf6 46. Rc5 Bg5
47. Kg2 Kf5 48. Kf3 Bf4 49. Rc8 e4+ 50. Ke2 h4 51. Rh8 Bg5 52. Kf2 Kg4+ 53. Kg2
e3 54. Re8 Rf2+ 55. Kg1 Rxa2 56. Re4+ Kg3 57. Rxh4 0-1